[Event "Barcelona-B 1st"]
[Site "Barcelona"]
[Date "2015.12.06"]
[Round "5"]
[White "Cespedes Llaverias, Llibert"]
[Black "Conde Chijeb, Manuel Jesus"]
[Result "1-0"]
[WhiteElo "1783"]
[BlackElo "1738"]
[PlyCount "95"]
[EventDate "2015.12.05"]
[EventType "tourn"]
[EventRounds "9"]
[EventCountry "ESP"]
[SourceTitle "EXT 2024"]
[Source "ChessBase"]
[SourceDate "2023.10.10"]
[SourceVersion "1"]
[SourceVersionDate "2023.10.10"]
[SourceQuality "1"]

1. e4 d5 2. Nc3 d4 3. Nce2 c5 4. d3 Nc6 5. f4 g6 6. Nf3 Bg7 7. g3 e6 8. Bg2 Nge7 9. 0-0 0-0 10. h3 b5 11. g4 Bb7 12. Ng3 f5 13. Re1 Qd6 14. e5 Qd7 15. g5 h5 16. Nh4 Qe8 17. Bf3 Na5 18. Bxb7 Nxb7 19. Qf3 Rb8 20. Ne2 Nd8 21. b4 Qc6 22. Qxc6 Ndxc6 23. bxc5 Rfd8 24. Bb2 Kh7 25. Nf3 Rd5 26. Nfxd4 Nd8 27. Nb3 Nec6 28. Nc3 Rd7 29. a4 Nd4 30. Nxd4 Rxd4 31. Ne2 Rxa4 32. Rxa4 bxa4 33. Bc3 Nc6 34. Ra1 Bf8 35. d4 Be7 36. Rxa4 Bd8 37. Kf2 Kg7 38. Ke3 Kf7 39. Kd3 Rb1 40. Ra1 Nb4+ 41. Kd2 Rxa1 42. Bxa1 Ke7 43. c4 Kd7 44. Bc3 a5 45. Bxb4 axb4 46. Kc2 b3+ 47. Kxb3 Ba5 48. Nc3 1-0

[Event "Barcelona La Lira-C 12th"]
[Site "Barcelona"]
[Date "2009.07.23"]
[Round "6"]
[White "Conde Chijeb, Manuel Jesus"]
[Black "Delisau Gil, Oriol"]
[Result "0-1"]
[WhiteElo "1790"]
[BlackElo "1630"]
[PlyCount "98"]
[EventDate "2009.07.18"]
[EventType "tourn"]
[EventRounds "9"]
[EventCountry "ESP"]
[SourceTitle "EXT 2011"]
[Source "ChessBase"]
[SourceDate "2010.11.26"]
[SourceVersion "1"]
[SourceVersionDate "2010.11.26"]
[SourceQuality "1"]

1. c4 Nf6 2. e3 g6 3. Nc3 Bg7 4. Nf3 d6 5. Be2 0-0 6. d3 Nbd7 7. Bd2 c6 8. 0-0 e5 9. Qb3 Nc5 10. Qc2 Ne6 11. b4 Nd7 12. Rab1 f5 13. a4 g5 14. Ne1 f4 15. Ne4 Nf6 16. Nxf6+ Qxf6 17. Bg4 Qg6 18. Qd1 fxe3 19. Bxe3 Nf4 20. Bxf4 gxf4 21. Bxc8 Raxc8 22. h3 Rf6 23. Qg4 Qxg4 24. hxg4 Rg6 25. f3 e4 26. g3 exf3 27. Rxf3 Rxg4 28. Rxf4 Rxg3+ 29. Kf2 Rg6 30. Nf3 Bh6 31. Rf5 Rf8 32. Rxf8+ Kxf8 33. b5 c5 34. a5 Re6 35. a6 b6 36. Rd1 Be3+ 37. Kg3 Rg6+ 38. Kh3 Bf4 39. Rf1 Kg7 40. Rf2 Kh6 41. Rg2 Rxg2 42. Kxg2 Kg6 43. Ne1 Kf5 44. Kf3 h5 45. Nc2 h4 46. d4 h3 47. dxc5 dxc5 48. Ne1 h2 49. Kg2 Ke4 0-1

[Event "La Laguna op 2nd"]
[Site "La Laguna"]
[Date "2008.04.21"]
[Round "1"]
[White "Peralta, Fernando"]
[Black "Conde Chijeb, Manuel Jesus"]
[Result "1-0"]
[WhiteElo "2546"]
[BlackElo "1779"]
[PlyCount "73"]
[EventDate "2008.04.21"]
[EventType "swiss"]
[EventRounds "9"]
[EventCountry "ESP"]
[SourceTitle "CBM 123 Extra"]
[Source "ChessBase"]
[SourceDate "2008.05.06"]
[SourceVersion "1"]
[SourceVersionDate "2008.05.06"]
[SourceQuality "1"]

1. d4 e6 2. c4 Nf6 3. Nc3 d6 4. e4 Be7 5. Nf3 0-0 6. Bd3 Nbd7 7. 0-0 e5 8. d5 Re8 9. Nd2 Nf8 10. b4 Ng6 11. Re1 Rf8 12. a4 Ne8 13. g3 Bg5 14. a5 Bxd2 15. Bxd2 f5 16. exf5 Bxf5 17. Bxf5 Rxf5 18. a6 bxa6 19. Rxa6 Rf7 20. Be3 Qc8 21. Ra3 a6 22. Ne4 h6 23. Qh5 Qf5 24. Qxf5 Rxf5 25. b5 a5 26. Rea1 Rf7 27. Rxa5 Rxa5 28. Rxa5 Ne7 29. Ra8 Rf8 30. g4 Kf7 31. Rd8 g5 32. Rd7 Nf6 33. Nxf6 Kxf6 34. Rxc7 Rb8 35. Ba7 Re8 36. Rd7 Nc8 37. Be3 1-0

[Event "Hastings Masters op 83rd"]
[Site "Hastings"]
[Date "2008.01.06"]
[Round "10"]
[White "Conde Chijeb, Manuel Jesus"]
[Black "Milnes, Anthony CP"]
[Result "0-1"]
[WhiteElo "1791"]
[BlackElo "2126"]
[PlyCount "107"]
[EventDate "2007.12.28"]
[EventType "swiss"]
[EventRounds "10"]
[EventCountry "ENG"]
[SourceTitle "CBM 122 Extra"]
[Source "ChessBase"]
[SourceDate "2008.03.04"]
[SourceVersion "1"]
[SourceVersionDate "2008.03.04"]
[SourceQuality "1"]

1. f4 d5 2. e3 Nf6 3. Nf3 Bg4 4. Be2 Nbd7 5. b3 Bxf3 6. Bxf3 e5 7. fxe5 Nxe5 8. 0-0 Bd6 9. d4 Nxf3+ 10. Qxf3 0-0 11. c4 c6 12. Ba3 Ne4 13. Bxd6 Qxd6 14. c5 Qe6 15. Qe2 Rae8 16. Rf3 Re7 17. Nd2 Rfe8 18. Re1 Qg4 19. Nf1 h6 20. Qc2 Qg6 21. Qc1 Ng5 22. Rg3 Qf5 23. Qb1 Qxb1 24. Rxb1 g6 25. a3 Ne6 26. Rf3 Ng7 27. g4 Re4 28. h3 f5 29. gxf5 Nxf5 30. Kf2 Nh4 31. Rg3 Rf8+ 32. Ke2 g5 33. Nd2 Re6 34. Rf1 Nf5 35. Rxf5 Rxf5 36. h4 Kh7 37. hxg5 Rxg5 38. Rh3 Rg2+ 39. Kd3 Reg6 40. Nf1 Rf2 41. Nd2 Rgg2 42. Nf3 Ra2 43. a4 Rab2 44. Kc3 Rgc2+ 45. Kb4 a5+ 46. Kxa5 Rxb3 47. Ng5+ Kg6 48. Ne6 Ra2 49. Nc7 Kg5 50. Rf3 h5 51. Ne6+ Kg4 52. Rf4+ Kg3 53. Nc7 h4 54. Rf7 0-1

[Event "Hastings Masters op 83rd"]
[Site "Hastings"]
[Date "2007.12.31"]
[Round "4"]
[White "MacRae, James"]
[Black "Conde Chijeb, Manuel Jesus"]
[Result "1-0"]
[WhiteElo "1766"]
[BlackElo "1791"]
[PlyCount "70"]
[EventDate "2007.12.28"]
[EventType "swiss"]
[EventRounds "10"]
[EventCountry "ENG"]
[SourceTitle "CBM 122 Extra"]
[Source "ChessBase"]
[SourceDate "2008.03.04"]
[SourceVersion "1"]
[SourceVersionDate "2008.03.04"]
[SourceQuality "1"]

1. d4 f5 2. Nf3 Nf6 3. Bg5 g6 4. e3 Bg7 5. Bd3 0-0 6. Nbd2 d6 7. 0-0 Nc6 8. c3 d5 9. Bxf6 Bxf6 10. Qe2 e6 11. Rfc1 Bd7 12. a3 Ne7 13. b4 b6 14. Rc2 Rc8 15. Ba6 Rb8 16. a4 Bc8 17. a5 g5 18. axb6 axb6 19. Rca2 g4 20. Ne5 Bxe5 21. dxe5 Nc6 22. f4 gxf3 23. Nxf3 Kh8 24. Bb5 Ne7 25. Ng5 Kg7 26. Qh5 h6 27. Nh3 c6 28. Bd3 Qe8 29. Qxe8 Rxe8 30. Ra7 b5 31. Nf4 Kf7 32. Be2 Rg8 33. Bh5+ Kf8 34. Rc7 d4 35. exd4 Rg7 1-0

[Event "Hastings Masters op 83rd"]
[Site "Hastings"]
[Date "2007.12.29"]
[Round "2"]
[White "Conde Chijeb, Manuel Jesus"]
[Black "Wilson, Alexandra"]
[Result "0-1"]
[WhiteElo "1791"]
[BlackElo "2061"]
[PlyCount "94"]
[EventDate "2007.12.28"]
[EventType "swiss"]
[EventRounds "10"]
[EventCountry "ENG"]
[SourceTitle "CBM 122 Extra"]
[Source "ChessBase"]
[SourceDate "2008.03.04"]
[SourceVersion "1"]
[SourceVersionDate "2008.03.04"]
[SourceQuality "1"]

1. c4 b6 2. Nc3 e6 3. Nf3 Bb7 4. d4 Bb4 5. e3 Nf6 6. Be2 0-0 7. 0-0 d5 8. a3 Be7 9. Bd2 Nbd7 10. b4 dxc4 11. Bxc4 c5 12. bxc5 bxc5 13. Be2 Nb6 14. Qc2 Rc8 15. Qb2 Bxf3 16. Bxf3 cxd4 17. exd4 Qxd4 18. Nd1 Qxb2 19. Nxb2 Rc2 20. Bc1 Rfc8 21. Nd3 Nfd5 22. Bxd5 Nxd5 23. Bb2 Nc3 24. Bxc3 R2xc3 25. Rfd1 Bxa3 26. Ne5 f6 27. Nf3 e5 28. h3 Rc1 29. Kf1 a5 30. Ke2 Rxa1 31. Rxa1 Bb4 32. Ra2 Kf7 33. Nh2 Ke6 34. Nf1 f5 35. f3 e4 36. fxe4 fxe4 37. Ne3 Ke5 38. g3 Rc3 39. Rb2 h5 40. Ra2 g6 41. Rb2 Bc5 42. Nf1 a4 43. Rb8 e3 44. Rb2 a3 45. Ra2 Rb3 46. Kf3 Rb2 47. Ra1 Rf2# 0-1

[Event "Hastings Masters op 83rd"]
[Site "Hastings"]
[Date "2007.12.28"]
[Round "1"]
[White "Calvert, David Ian"]
[Black "Conde Chijeb, Manuel Jesus"]
[Result "1-0"]
[WhiteElo "2058"]
[BlackElo "1791"]
[PlyCount "77"]
[EventDate "2007.12.28"]
[EventType "swiss"]
[EventRounds "10"]
[EventCountry "ENG"]
[SourceTitle "CBM 122 Extra"]
[Source "ChessBase"]
[SourceDate "2008.03.04"]
[SourceVersion "1"]
[SourceVersionDate "2008.03.04"]
[SourceQuality "1"]

1. b3 Nf6 2. Bb2 e6 3. Nf3 d5 4. c4 dxc4 5. bxc4 Be7 6. g3 0-0 7. Bg2 Re8 8. 0-0 Nbd7 9. d3 Nf8 10. Ne5 N8d7 11. Nd2 Nxe5 12. Bxe5 Nd7 13. Bc3 Rb8 14. a4 Bf6 15. Qc2 Bxc3 16. Qxc3 f5 17. f4 Nf6 18. e4 Bd7 19. e5 Ng4 20. d4 g5 21. h3 Nh6 22. Kh2 Kh8 23. d5 Kg8 24. Nf3 gxf4 25. gxf4 Nf7 26. Nd4 c6 27. dxc6 bxc6 28. Nxc6 Bxc6 29. Bxc6 Re7 30. Rg1+ Kh8 31. Qg3 Qf8 32. Bb5 Nd8 33. a5 Rc8 34. Rac1 Nc6 35. Bxc6 Rxc6 36. Rgd1 Rec7 37. Qh4 Rc8 38. Rd7 R6c7 39. Qxh7# 1-0

[Event "Barcelona Ideal Clave op 13th"]
[Site "Barcelona"]
[Date "2007.11.17"]
[Round "7.5"]
[White "Gonzalez Garcia, Sergi"]
[Black "Conde Chijeb, Manuel Jesus"]
[Result "1-0"]
[WhiteElo "2002"]
[BlackElo "1872"]
[PlyCount "125"]
[EventDate "2007.09.29"]
[EventType "swiss"]
[EventRounds "8"]
[EventCountry "ESP"]
[SourceTitle "EXT 2024"]
[Source "ChessBase"]
[SourceDate "2023.10.10"]
[SourceVersion "1"]
[SourceVersionDate "2023.10.10"]
[SourceQuality "1"]

1. e4 e6 2. d4 d5 3. Nd2 Ne7 4. Bd3 b6 5. Ngf3 Ba6 6. Qe2 Bxd3 7. Qxd3 dxe4 8. Nxe4 Ng6 9. Be3 Be7 10. Neg5 0-0 11. h4 h5 12. Nxe6 fxe6 13. Qxg6 Qd5 14. Ne5 Nc6 15. Nxc6 Qxc6 16. 0-0-0 Qd5 17. Kb1 Rf6 18. Qg5 Qe4 19. g4 Rxf2 20. Bxf2 Bxg5 21. hxg5 Qxg4 22. Rdg1 Qf3 23. Bg3 Rc8 24. Be5 g6 25. Rf1 Qd5 26. Rh4 c5 27. Rf6 Kh7 28. Rf7+ Kg8 29. Rhf4 Qh1+ 30. Rf1 Qxf1+ 31. Rxf1 cxd4 32. Bxd4 Rc7 33. c3 Rd7 34. Kc2 Rd5 35. Bf6 a5 36. Rf4 Kf7 37. b4 axb4 38. Rxb4 b5 39. a4 bxa4 40. Rxa4 e5 41. Re4 Ke6 42. c4 Rc5 43. Kc3 Kf5 44. Rh4 Rc7 45. Kb4 e4 46. Kc3 Rd7 47. c5 e3 48. Rd4 Rc7 49. Kd3 Rxc5 50. Kxe3 Rc3+ 51. Ke2 Rh3 52. Kf2 Rb3 53. Bd8 Ke6 54. Rf4 Kd7 55. Bf6 Ke6 56. Bg7 Rh3 57. Kg2 Ra3 58. Rf6+ Kd5 59. Rxg6 Ke4 60. Bf6 Kf5 61. Rh6 Kg4 62. g6 Kf5 63. g7 1-0

[Event "Barcelona Ideal Clave op 13th"]
[Site "Barcelona"]
[Date "2007.10.06"]
[Round "2.10"]
[White "Werner Serrat, Jordi"]
[Black "Conde Chijeb, Manuel Jesus"]
[Result "1-0"]
[WhiteElo "1964"]
[BlackElo "1872"]
[PlyCount "78"]
[EventDate "2007.09.29"]
[EventType "swiss"]
[EventRounds "8"]
[EventCountry "ESP"]
[SourceTitle "EXT 2024"]
[Source "ChessBase"]
[SourceDate "2023.10.10"]
[SourceVersion "1"]
[SourceVersionDate "2023.10.10"]
[SourceQuality "1"]

1. d4 f5 2. g3 Nf6 3. Bg2 g6 4. Nf3 Bg7 5. c4 0-0 6. Nc3 d6 7. 0-0 a6 8. Qc2 Nc6 9. d5 Ne5 10. b3 Nxf3+ 11. Bxf3 e5 12. dxe6 Bxe6 13. Bxb7 Ra7 14. Bg2 h6 15. Be3 c5 16. Rad1 Qe7 17. Qd2 Ng4 18. Bf4 Be5 19. Bxe5 dxe5 20. h3 Nf6 21. Qxh6 Qf7 22. Rd6 e4 23. Rfd1 Ne8 24. Rd8 Qf6 25. Na4 Rh7 26. Qe3 g5 27. Nxc5 Bf7 28. Qd4 Qb6 29. Na4 Qxd4 30. R1xd4 Bg6 31. e3 Rc7 32. Bf1 f4 33. R4d7 Rc6 34. gxf4 gxf4 35. exf4 Rxf4 36. Nc3 Bf7 37. Nd5 Bxd5 38. Rxe8+ Rf8 39. Rxf8+ Kxf8 1-0

[Event "Catalunya-ch"]
[Site "Barcelona"]
[Date "2007.04.06"]
[Round "6"]
[White "Conde Chijeb, Manuel Jesus"]
[Black "Romero Forero, Mario"]
[Result "1/2-1/2"]
[WhiteElo "1807"]
[BlackElo "1928"]
[PlyCount "118"]
[EventDate "2007.04.01"]
[EventType "swiss"]
[EventRounds "9"]
[EventCountry "ESP"]
[SourceTitle "CBM 117 Extra"]
[Source "ChessBase"]
[SourceDate "2007.05.09"]
[SourceVersion "1"]
[SourceVersionDate "2007.05.09"]
[SourceQuality "1"]

1. c4 c5 2. Nc3 Nc6 3. a3 d6 4. g3 e5 5. Bg2 f5 6. e3 Nf6 7. Nge2 Be7 8. Rb1 0-0 9. b4 e4 10. d3 Ne5 11. dxe4 fxe4 12. Nxe4 Nxe4 13. Bxe4 Bf5 14. Bxf5 Nf3+ 15. Kf1 Rxf5 16. e4 Rf7 17. Nf4 Nd4 18. Bb2 Bf6 19. Nd5 Be5 20. f4 Qd7 21. Kg2 Raf8 22. Rf1 g5 23. bxc5 dxc5 24. Qh5 Bxf4 25. Bxd4 cxd4 26. gxf4 gxf4 27. Rf3 Rg7+ 28. Kh1 Qg4 29. Qxg4 Rxg4 30. Rbf1 Kg7 31. Rd1 Rc8 32. Rxd4 b5 33. Ne7 Rxc4 34. Rxc4 bxc4 35. h3 Rg5 36. Nf5+ Kf6 37. Rc3 Ke5 38. Rxc4 f3 39. Ne3 Rg7 40. Kh2 Kf4 41. Ng4 h5 42. e5+ Kf5 43. Ne3+ Kxe5 44. Rh4 Rg5 45. Ra4 Rg7 46. h4 f2 47. Rb4 Rg1 48. a4 f1Q 49. Nxf1 Rxf1 50. Rb5+ Kf6 51. Rxh5 Rf4 52. a5 Kg6 53. Kg3 Kxh5 54. Kxf4 Kxh4 55. Ke5 Kg5 56. Kd6 Kf6 57. Kc6 Ke7 58. Kc7 Ke6 59. a6 Ke7 1/2-1/2

[Event "Catalunya-ch"]
[Site "Barcelona"]
[Date "2007.04.03"]
[Round "3"]
[White "Molano Lafuente, Ismael"]
[Black "Conde Chijeb, Manuel Jesus"]
[Result "1-0"]
[WhiteElo "1932"]
[BlackElo "1807"]
[PlyCount "45"]
[EventDate "2007.04.01"]
[EventType "swiss"]
[EventRounds "9"]
[EventCountry "ESP"]
[SourceTitle "CBM 117 Extra"]
[Source "ChessBase"]
[SourceDate "2007.05.09"]
[SourceVersion "1"]
[SourceVersionDate "2007.05.09"]
[SourceQuality "1"]

1. f4 e6 2. Nf3 d5 3. e3 Nf6 4. b3 Be7 5. Bb2 c5 6. Bd3 b6 7. 0-0 Ba6 8. Ne5 Bxd3 9. cxd3 0-0 10. Rf3 Nfd7 11. Rh3 Nxe5 12. Qh5 h6 13. fxe5 d4 14. exd4 cxd4 15. Na3 Bb4 16. Nc4 b5 17. Rg3 Kh7 18. Ba3 Bxa3 19. Nxa3 Qa5 20. Qg4 g6 21. Rf1 Qc7 22. Nxb5 Qxe5 23. Rxf7+ 1-0